000 00593nam a2200193 i 4500
001 141385
003 ES-MaACL
007 t|
008 070921s1984 sp ||||1| spa d
100 1 _aVizcaíno Casas, Fernando.
_9115612
245 1 0 _aDe "camisa vieja" a chaqueta nueva
_b: (crónica de una evolución ideológica) /
_cFernando Vizcaíno Casas.
250 _a[37ª ed.].
260 _aBarcelona :
_bPlaneta,
_c[1984]
300 _a229 p. ;
_c18 cm.
490 1 _aFabula ;
_v6
830 0 _aFabula ;
_v6
_9179737
852 _aES-MaACL
_jL-6492
_bR.107272
999 _c141385
_d141385